| 000 | 00361 a2200157 4500 | ||
|---|---|---|---|
| 001 | 165552 | ||
| 020 | _a | ||
| 040 | _cMagnum | ||
| 100 | _aHaydt, Regina Cazaux | ||
| 240 | 1 | 0 |
_aAvaliacao do processo ensino-aprendizagem _lpor |
| 245 | 1 | 0 | _aAvaliacao do processo ensino-aprendizagem |
| 362 | 0 | _a1899 | |
| 440 | 1 | _aÁtica | |
| 697 | _aENSINO | ||
| 942 | _cBK | ||
| 999 |
_c165552 _d165552 |
||